promenade du chat (La)
<< Retourner aux résultats de la recherche
| Auteur principal : | Sara Lundberg |
|---|---|
| Autres auteurs : | Jean-Baptiste Coursaud |
| Titre : | promenade du chat (La) |
| Support : | Livres |
| Langue : | Francais |
| Publié : |
2024 Seuil jeunesse [Paris] |
| Genre : |
Album |
| Collection : |
Albums jeunesse |
| Sujets : | |
| Étiquettes : |
Pas de tags
|
| LEADER | 00916nam0a2200229 450 | ||
|---|---|---|---|
| 001 | 16867650 | ||
| 010 | |a 979-10-235-1978-5 |b cart. |d 14,9 | ||
| 100 | |a 20231012d2024 u u0frey01 ba | ||
| 101 | 1 | |a fre |c fre | |
| 102 | |a FR | ||
| 200 | 0 | |a promenade du chat (La) |f Sara Lundberg |g traduit du suédois par Jean-Baptiste Coursaud | |
| 207 | 1 | |a | |
| 210 | |a [Paris] |c Seuil jeunesse |d 2024 | ||
| 215 | |a 1 vol. (30 p.-1 dépl.) |c illustrations en couleur |d 27 x 20 cm | ||
| 225 | 1 | |a Albums jeunesse | |
| 330 | |a Une promenade à la suite d'un adorable chat, qui rappelle qu'il est parfois bon de se laisser guider et surprendre. Electre 2024 | ||
| 606 | 0 | |a Chat domestique |x Albums jeunesse | |
| 700 | 0 | |a Lundberg |b Sara |4 70 | |
| 702 | 0 | |a Coursaud |b Jean-Baptiste |f 1969-.... |4 730 | |
| 900 | |a Album | ||
| 901 | |a Jeunesse | ||
| 995 | |a Médiathèque |c Médiathèque |f 00156009385691 |h 00156009385691 |k A LUN |o p |q j |r az |e Médiathèque | ||